<?xml version="1.0" encoding="UTF-8"?>
<record
    xmlns:xsi="http://www.w3.org/2001/XMLSchema-instance"
    xsi:schemaLocation="http://www.loc.gov/MARC21/slim http://www.loc.gov/standards/marcxml/schema/MARC21slim.xsd"
    xmlns="http://www.loc.gov/MARC21/slim">

  <leader>01174nab a22002537a 4500</leader>
  <controlfield tag="005">20150806104858.0</controlfield>
  <controlfield tag="008">150805b1977    ck |||| r|||| 00| 0 spa d</controlfield>
  <datafield tag="040" ind1=" " ind2=" ">
    <subfield code="a">CO-BoIAVH</subfield>
    <subfield code="c">CO-BoIAVH</subfield>
  </datafield>
  <datafield tag="041" ind1=" " ind2=" ">
    <subfield code="a">spa</subfield>
  </datafield>
  <datafield tag="044" ind1=" " ind2=" ">
    <subfield code="a">ck</subfield>
  </datafield>
  <datafield tag="110" ind1="1" ind2=" ">
    <subfield code="a">Universidad del Tolima</subfield>
    <subfield code="b">, Grupo ecol&#xF3;gico</subfield>
    <subfield code="9">36633</subfield>
  </datafield>
  <datafield tag="245" ind1="1" ind2=" ">
    <subfield code="a">Se extinguen los ni&#xF1;os</subfield>
  </datafield>
  <datafield tag="260" ind1="3" ind2=" ">
    <subfield code="a">Ibagu&#xE9; (Colombia):</subfield>
    <subfield code="b">Centro de publicaciones de la Universidad del Tolima,</subfield>
    <subfield code="c">1977.</subfield>
  </datafield>
  <datafield tag="300" ind1=" " ind2=" ">
    <subfield code="a">Vol.1, Nro. 5, A&#xF1;o 1977, Pag. 1-2</subfield>
  </datafield>
  <datafield tag="505" ind1=" " ind2=" ">
    <subfield code="a">El bacilo mortal.
La asociaci&#xF3;n m&#xE9;dica de Antioquia.</subfield>
  </datafield>
  <datafield tag="520" ind1=" " ind2=" ">
    <subfield code="a">La publicaci&#xF3;n del Foro de Desarrollo, de las Naciones Unidas, inform&#xF3; sobre una demanda adelantada por Nestl&#xE9;, contra una organizaci&#xF3;n ecol&#xF3;gica que hab&#xED;a traducido y publicado un art&#xED;culo titulado Nestl&#xE9; Mata Ni&#xF1;os.</subfield>
  </datafield>
  <datafield tag="650" ind1=" " ind2="6">
    <subfield code="a">Industria lechera</subfield>
    <subfield code="9">1614</subfield>
  </datafield>
  <datafield tag="650" ind1=" " ind2="6">
    <subfield code="a">Leche</subfield>
    <subfield code="x">an&#xE1;lisis</subfield>
    <subfield code="9">36634</subfield>
  </datafield>
  <datafield tag="650" ind1=" " ind2="6">
    <subfield code="a">Leche</subfield>
    <subfield code="x">Ni&#xF1;os</subfield>
    <subfield code="9">36635</subfield>
  </datafield>
  <datafield tag="650" ind1=" " ind2="6">
    <subfield code="a">Microbiolog&#xED;a de la leche.</subfield>
    <subfield code="9">26876</subfield>
  </datafield>
  <datafield tag="650" ind1=" " ind2="6">
    <subfield code="a">Leche</subfield>
    <subfield code="x">Producci&#xF3;n</subfield>
    <subfield code="x">Investigaci&#xF3;n</subfield>
    <subfield code="9">36636</subfield>
  </datafield>
  <datafield tag="773" ind1="0" ind2=" ">
    <subfield code="a">Universidad del Tolima-</subfield>
    <subfield code="d">Ibagu&#xE9; (Colombia): Centro de publicaciones de la Universidad del Tolima, 1977.</subfield>
    <subfield code="t">SOS ecol&#xF3;gico</subfield>
  </datafield>
  <datafield tag="942" ind1=" " ind2=" ">
    <subfield code="2">z</subfield>
    <subfield code="c">ARTICULO</subfield>
  </datafield>
  <datafield tag="999" ind1=" " ind2=" ">
    <subfield code="c">17647</subfield>
    <subfield code="d">17647</subfield>
  </datafield>
</record>
